[Event "North American-ch U12"]
[Site "Montreal"]
[Date "2010.08.17"]
[Round "4"]
[White "Fay, Zachary"]
[Black "Harris, Gabriel"]
[Result "1-0"]
[WhiteElo "969"]
[BlackElo "1077"]
[PlyCount "67"]
[EventDate "2010.08.16"]
[EventType "swiss"]
[EventRounds "7"]
[EventCountry "CAN"]
[SourceTitle "EXT 2013"]
[Source "ChessBase"]
[SourceDate "2012.11.22"]
[SourceVersion "1"]
[SourceVersionDate "2012.11.22"]
[SourceQuality "1"]

1. e4 d6 2. d4 Nf6 3. Nc3 g6 4. Nf3 Bg7 5. Bc4 0-0 6. 0-0 a6 7. Bg5 Nbd7 8. Re1 c5 9. Nd5 Nxd5 10. Bxd5 Nf6 11. Bc4 b5 12. Bf1 Bb7 13. Bxf6 exf6 14. c3 c4 15. b3 d5 16. exd5 Bxd5 17. bxc4 Bxc4 18. Bxc4 bxc4 19. Qa4 Qc8 20. Nd2 f5 21. Nxc4 Re8 22. Nb6 Rxe1+ 23. Rxe1 Qxc3 24. Kf1 Qd3+ 25. Kg1 Qd2 26. Rd1 Qxd1+ 27. Qxd1 Rb8 28. Nd5 Rd8 29. Ne7+ Kf8 30. Nc6 Rd6 31. Na5 Rxd4 32. Qe1 Ra4 33. Qd1 Rxa2 34. Qd8# 1-0